[Event "EYCC 2024 - O10"]
[Site "?"]
[Date "2024.08.24"]
[Round "3.1"]
[White "Nakonechnyi, Oleksii"]
[Black "Uzdemir, Ali Poyraz"]
[Result "1/2-1/2"]
[BlackElo "2008"]
[WhiteElo "1891"]
[LiveChessVersion "1.4.8"]

1. c4 {[%clk 1:30:54]} c5 {[%clk 1:30:57]} 2. Nf3 {[%clk 1:31:16]} Nc6
{[%clk 1:31:18]} 3. Nc3 {[%clk 1:31:34]} g6 {[%clk 1:31:33]} 4. g3
{[%clk 1:31:41]} Bg7 {[%clk 1:31:56]} 5. Bg2 {[%clk 1:32:04]} Nh6
{[%clk 1:32:12]} 6. d4 {[%clk 1:32:16]} cxd4 {[%clk 1:32:09]} 7. Nxd4
{[%clk 1:32:09]} Nxd4 {[%clk 1:32:32]} 8. Bxh6 {[%clk 1:32:34]} Bxh6
{[%clk 1:32:59]} 9. Qxd4 {[%clk 1:33:02]} O-O {[%clk 1:33:16]} 10. O-O
{[%clk 1:33:26]} Bg7 {[%clk 1:31:19]} 11. Qe3 {[%clk 1:33:52]} d6
{[%clk 1:28:13]} 12. Rfd1 {[%clk 1:33:08]} Bd7 {[%clk 1:05:25]} 13. Rac1
{[%clk 1:31:15]} Bc6 {[%clk 0:58:52]} 14. c5 {[%clk 1:29:20]} Bxg2
{[%clk 0:58:22]} 15. Kxg2 {[%clk 1:28:58]} Qa5 {[%clk 0:48:27]} 16. cxd6
{[%clk 1:28:56]} exd6 {[%clk 0:48:54]} 17. Rd5 {[%clk 1:21:48]} Qb4
{[%clk 0:43:18]} 18. Rb5 {[%clk 1:10:49]} Qc4 {[%clk 0:41:49]} 19. Rxb7
{[%clk 1:05:27]} Rac8 {[%clk 0:29:15]} 20. Qf3 {[%clk 1:02:31]} d5
{[%clk 0:27:02]} 21. e3 {[%clk 0:53:54]} Qc6 {[%clk 0:24:14]} 22. Rb3
{[%clk 0:52:43]} d4 {[%clk 0:18:50]} 23. Qxc6 {[%clk 0:52:46]} Rxc6
{[%clk 0:19:16]} 24. exd4 {[%clk 0:52:58]} Bxd4 {[%clk 0:19:41]} 25. Rd1
{[%clk 0:52:40]} Bxc3 {[%clk 0:18:28]} 26. Rxc3 {[%clk 0:52:24]} Rxc3
{[%clk 0:15:45]} 27. bxc3 {[%clk 0:52:21]} Rc8 {[%clk 0:16:09]} 28. Rc1
{[%clk 0:51:29]} Kg7 {[%clk 0:15:30]} 29. c4 {[%clk 0:50:55]} Kf6
{[%clk 0:15:40]} 30. Kf3 {[%clk 0:50:57]} Ke5 {[%clk 0:15:54]} 31. c5
{[%clk 0:49:50]} Rc6 {[%clk 0:15:25]} 32. g4 {[%clk 0:38:20]} Kd5
{[%clk 0:12:54]} 33. Kf4 {[%clk 0:37:28]} Rxc5 {[%clk 0:12:08]} 34. Rxc5+
{[%clk 0:37:28]} Kxc5 {[%clk 0:12:35]} 35. Ke5 {[%clk 0:37:53]} Kb4
{[%clk 0:13:00]} 36. Kf6 {[%clk 0:38:06]} Ka3 {[%clk 0:13:24]} 37. Kxf7
{[%clk 0:38:14]} Kxa2 {[%clk 0:13:51]} 38. f4 {[%clk 0:38:22]} a5
{[%clk 0:13:59]} 39. f5 {[%clk 0:38:29]} gxf5 {[%clk 0:14:12]} 40. gxf5
{[%clk 0:38:58]} a4 {[%clk 0:14:37]} 41. Kg8 {[%clk 0:39:00]} a3 {[%clk 0:14:45]}
42. f6 {[%clk 0:39:16]} Kb3 {[%clk 0:15:04]} 43. f7 {[%clk 0:39:24]} a2
{[%clk 0:15:31]} 44. f8=Q {[%clk 0:39:27]} a1=Q {[%clk 0:15:56]} 45. Qb8+
{[%clk 0:38:02]} Kc4 {[%clk 0:16:12]} 46. Kxh7 {[%clk 0:38:23]} Qf6
{[%clk 0:16:11]} 47. Qc7+ {[%clk 0:38:12]} Kd5 {[%clk 0:16:29]} 48. Qg3
{[%clk 0:37:09]} Qf7+ {[%clk 0:16:16]} 1/2-1/2

[Event "EYCC 2024 - O10"]
[Site "?"]
[Date "2024.08.24"]
[Round "3.2"]
[White "Gupta, Akul"]
[Black "Kolodziejczyk, Boris"]
[Result "0-1"]
[BlackElo "1983"]
[WhiteElo "1853"]
[LiveChessVersion "1.4.8"]

1. e4 {[%clk 1:30:57]} Nf6 {[%clk 1:27:25]} 2. e5 {[%clk 1:30:33]} Nd5
{[%clk 1:27:51]} 3. d4 {[%clk 1:30:58]} d6 {[%clk 1:28:15]} 4. c4
{[%clk 1:31:08]} Nb6 {[%clk 1:28:43]} 5. f4 {[%clk 1:27:00]} dxe5
{[%clk 1:28:53]} 6. fxe5 {[%clk 1:27:10]} c5 {[%clk 1:28:30]} 7. d5
{[%clk 1:26:32]} g6 {[%clk 1:28:04]} 8. Nf3 {[%clk 1:26:45]} Bg7 {[%clk 1:28:07]}
9. Be2 {[%clk 1:24:47]} Bg4 {[%clk 1:23:28]} 10. Ng5 {[%clk 1:20:16]} Bf5
{[%clk 1:19:55]} 11. O-O {[%clk 1:13:12]} O-O {[%clk 1:17:09]} 12. Rxf5
{[%clk 1:05:29]} gxf5 {[%clk 1:17:15]} 13. e6 {[%clk 1:05:36]} Nc8
{[%clk 0:49:44]} 14. exf7+ {[%clk 1:04:14]} Rxf7 {[%clk 0:49:40]} 15. Nxf7
{[%clk 1:04:01]} Kxf7 {[%clk 0:49:36]} 16. Bd3 {[%clk 1:02:30]} Nd6
{[%clk 0:44:01]} 17. Nc3 {[%clk 0:55:31]} Kg8 {[%clk 0:35:44]} 18. Qe2
{[%clk 0:49:30]} Nd7 {[%clk 0:22:16]} 19. Qe6+ {[%clk 0:43:11]} Kh8
{[%clk 0:22:28]} 20. Bg5 {[%clk 0:43:30]} Ne5 {[%clk 0:11:47]} 21. Bxe7
{[%clk 0:39:29]} Qb6 {[%clk 0:11:24]} 22. Bxd6 {[%clk 0:37:20]} Nxd3
{[%clk 0:11:02]} 23. Nd1 {[%clk 0:33:11]} Bxb2 {[%clk 0:08:34]} 24. Nxb2
{[%clk 0:28:39]} Qxb2 {[%clk 0:08:54]} 25. Re1 {[%clk 0:27:00]} Qf2+
{[%clk 0:09:22]} 0-1

[Event "EYCC 2024 - O10"]
[Site "?"]
[Date "2024.08.24"]
[Round "3.3"]
[White "Mueller, Konstantin"]
[Black "Pasula, Milos"]
[Result "1/2-1/2"]
[BlackElo "1974"]
[WhiteElo "1835"]
[LiveChessVersion "1.4.8"]

1. e4 {[%clk 1:30:57]} c6 {[%clk 1:30:42]} 2. d4 {[%clk 1:31:23]} d5
{[%clk 1:31:00]} 3. Nc3 {[%clk 1:31:49]} dxe4 {[%clk 1:31:24]} 4. Nxe4
{[%clk 1:32:14]} Bf5 {[%clk 1:31:48]} 5. Ng3 {[%clk 1:32:40]} Bg6
{[%clk 1:32:11]} 6. Nf3 {[%clk 1:33:05]} Nd7 {[%clk 1:32:36]} 7. h4
{[%clk 1:33:29]} h6 {[%clk 1:33:02]} 8. h5 {[%clk 1:33:56]} Bh7 {[%clk 1:33:25]}
9. Bd3 {[%clk 1:34:21]} Bxd3 {[%clk 1:33:48]} 10. Qxd3 {[%clk 1:34:45]} e6
{[%clk 1:34:14]} 11. Bd2 {[%clk 1:35:05]} Qb6 {[%clk 1:34:39]} 12. O-O-O
{[%clk 1:35:07]} Ngf6 {[%clk 1:34:51]} 13. Ne4 {[%clk 1:32:18]} Nxe4
{[%clk 1:34:15]} 14. Qxe4 {[%clk 1:32:43]} Nf6 {[%clk 1:34:32]} 15. Qe2
{[%clk 1:31:29]} Qb5 {[%clk 1:32:54]} 16. Qxb5 {[%clk 1:30:38]} cxb5
{[%clk 1:33:22]} 17. Ne5 {[%clk 1:27:12]} Bd6 {[%clk 1:31:38]} 18. f3
{[%clk 1:23:56]} Nd5 {[%clk 1:30:15]} 19. Nd3 {[%clk 1:21:38]} O-O
{[%clk 1:27:09]} 20. g4 {[%clk 1:17:50]} Rac8 {[%clk 1:24:47]} 21. Kb1
{[%clk 0:55:30]} Rc4 {[%clk 1:19:00]} 22. c3 {[%clk 0:55:19]} b4 {[%clk 1:18:35]}
23. cxb4 {[%clk 0:53:57]} Rxd4 {[%clk 1:16:56]} 24. Be1 {[%clk 0:44:37]} Nf4
{[%clk 1:05:15]} 25. Nf2 {[%clk 0:41:26]} Rxd1+ {[%clk 1:05:09]} 26. Nxd1
{[%clk 0:41:51]} Nd3 {[%clk 1:01:48]} 27. a3 {[%clk 0:41:19]} Nxe1
{[%clk 1:01:49]} 28. Rxe1 {[%clk 0:41:43]} Rd8 {[%clk 1:00:51]} 29. Kc2
{[%clk 0:30:24]} Kf8 {[%clk 0:57:19]} 30. Nf2 {[%clk 0:27:50]} Bg3
{[%clk 0:53:43]} 31. Rf1 {[%clk 0:27:34]} Bxf2 {[%clk 0:53:36]} 32. Rxf2
{[%clk 0:28:00]} Ke7 {[%clk 0:53:51]} 33. f4 {[%clk 0:26:14]} Rd5
{[%clk 0:54:00]} 34. Rf3 {[%clk 0:24:53]} e5 {[%clk 0:53:24]} 35. fxe5
{[%clk 0:25:03]} Rxe5 {[%clk 0:53:36]} 36. Kd3 {[%clk 0:24:31]} Ke6
{[%clk 0:53:38]} 37. Rf2 {[%clk 0:20:45]} f5 {[%clk 0:51:48]} 38. gxf5+
{[%clk 0:20:59]} Rxf5 {[%clk 0:52:09]} 39. Rh2 {[%clk 0:21:08]} Kf6
{[%clk 0:51:44]} 40. Ke4 {[%clk 0:21:15]} Re5+ {[%clk 0:51:32]} 41. Kf4
{[%clk 0:17:14]} Rd5 {[%clk 0:51:14]} 42. Ke4 {[%clk 0:16:18]} Rd7
{[%clk 0:51:25]} 43. Rg2 {[%clk 0:16:17]} Rc7 {[%clk 0:50:20]} 44. Rg6+
{[%clk 0:10:03]} Kf7 {[%clk 0:49:47]} 45. Rd6 {[%clk 0:10:23]} Ke7
{[%clk 0:43:43]} 46. Rg6 {[%clk 0:10:44]} Kf7 {[%clk 0:40:37]} 47. Rd6
{[%clk 0:11:07]} Ke7 {[%clk 0:38:53]} 48. Rg6 {[%clk 0:11:30]} Kf7
{[%clk 0:37:35]} 1/2-1/2

[Event "EYCC 2024 - O10"]
[Site "?"]
[Date "2024.08.24"]
[Round "3.4"]
[White "Li, Yunqi"]
[Black "Railwani, Tavish"]
[Result "1-0"]
[BlackElo "1827"]
[WhiteElo "1968"]
[LiveChessVersion "1.4.8"]

1. d4 {[%clk 1:30:57]} Nf6 {[%clk 1:30:33]} 2. Nf3 {[%clk 1:31:18]} e6
{[%clk 1:30:04]} 3. c4 {[%clk 1:31:42]} b6 {[%clk 1:17:01]} 4. Bg5
{[%clk 1:29:33]} d5 {[%clk 1:15:10]} 5. Nc3 {[%clk 1:29:50]} Bb7 {[%clk 1:15:29]}
6. e3 {[%clk 1:28:41]} Nbd7 {[%clk 1:14:05]} 7. cxd5 {[%clk 1:26:10]} exd5
{[%clk 1:12:13]} 8. Qc2 {[%clk 1:25:54]} Be7 {[%clk 1:09:49]} 9. Bd3
{[%clk 1:24:25]} O-O {[%clk 1:02:23]} 10. O-O {[%clk 1:21:12]} Ne4
{[%clk 0:54:22]} 11. Bxe7 {[%clk 1:14:37]} Qxe7 {[%clk 0:52:33]} 12. Rab1
{[%clk 1:13:02]} f5 {[%clk 0:50:31]} 13. b4 {[%clk 1:12:44]} Rf6 {[%clk 0:37:26]}
14. Qb3 {[%clk 1:08:22]} Qf7 {[%clk 0:30:31]} 15. Bxe4 {[%clk 1:05:39]} dxe4
{[%clk 0:30:58]} 16. Qxf7+ {[%clk 1:05:58]} Kxf7 {[%clk 0:26:42]} 17. Nd2
{[%clk 1:04:56]} a6 {[%clk 0:23:55]} 18. Rfc1 {[%clk 1:04:23]} Rc8
{[%clk 0:16:45]} 19. Nb3 {[%clk 0:57:08]} h5 {[%clk 0:13:57]} 20. a4
{[%clk 0:56:13]} Rg6 {[%clk 0:13:28]} 21. a5 {[%clk 0:55:37]} b5 {[%clk 0:12:35]}
22. Ne2 {[%clk 0:51:36]} Rh6 {[%clk 0:11:56]} 23. Nc5 {[%clk 0:51:11]} Nxc5
{[%clk 0:11:28]} 24. Rxc5 {[%clk 0:51:27]} g6 {[%clk 0:09:44]} 25. Rbc1
{[%clk 0:51:51]} c6 {[%clk 0:08:41]} 26. d5 {[%clk 0:51:34]} g5 {[%clk 0:06:24]}
27. Nd4 {[%clk 0:52:00]} f4 {[%clk 0:05:57]} 28. dxc6 {[%clk 0:51:09]} Ba8
{[%clk 0:06:05]} 29. Rf5+ {[%clk 0:50:50]} Ke7 {[%clk 0:06:17]} 30. Rxg5
{[%clk 0:51:00]} fxe3 {[%clk 0:06:35]} 31. Rg7+ {[%clk 0:47:21]} Kf8
{[%clk 0:04:52]} 32. Ra7 {[%clk 0:46:17]} e2 {[%clk 0:00:55]} 33. Rxa6
{[%clk 0:43:11]} Bxc6 {[%clk 0:00:40]} 34. Nxe2 {[%clk 0:43:04]} Rd6
{[%clk 0:00:54]} 35. h3 {[%clk 0:43:00]} Ke7 {[%clk 0:01:18]} 36. Ng3
{[%clk 0:41:26]} Bd7 {[%clk 0:00:51]} 37. Rxc8 {[%clk 0:41:43]} Rxa6
{[%clk 0:00:54]} 38. Rc5 {[%clk 0:42:05]} Re6 {[%clk 0:00:54]} 39. Nf5+
{[%clk 0:41:10]} Kf6 {[%clk 0:01:17]} 40. Ne3 {[%clk 0:41:35]} Kg6
{[%clk 0:01:08]} 41. Nd5 {[%clk 0:41:24]} Re5 {[%clk 0:00:52]} 42. a6
{[%clk 0:40:24]} Re6 {[%clk 0:01:11]} 43. Nf4+ {[%clk 0:40:48]} Kf6
{[%clk 0:01:14]} 44. Nxe6 {[%clk 0:41:11]} Bxe6 {[%clk 0:01:32]} 45. a7
{[%clk 0:41:36]} Bd5 {[%clk 0:02:00]} 46. Rxd5 {[%clk 0:41:57]} e3
{[%clk 0:02:26]} 47. a8=Q {[%clk 0:42:18]} exf2+ {[%clk 0:02:37]} 48. Kxf2
{[%clk 0:42:40]} h4 {[%clk 0:03:03]} 49. Qc6+ {[%clk 0:43:02]} Ke7
{[%clk 0:03:24]} 50. Rd7+ {[%clk 0:43:23]} Kf8 {[%clk 0:03:50]} 51. Qc8#
{[%clk 0:43:44]} 1-0

[Event "EYCC 2024 - O10"]
[Site "?"]
[Date "2024.08.24"]
[Round "3.5"]
[White "Guirado Lara, Pablo"]
[Black "Lishoy Gengis Paratazham, Dildarav"]
[Result "1-0"]
[BlackElo "1962"]
[WhiteElo "1815"]
[LiveChessVersion "1.4.8"]

1. e4 {[%clk 1:30:57]} c6 {[%clk 1:30:55]} 2. Nf3 {[%clk 1:31:22]} d5
{[%clk 1:31:19]} 3. Nc3 {[%clk 1:31:47]} dxe4 {[%clk 1:31:39]} 4. Nxe4
{[%clk 1:32:15]} Nf6 {[%clk 1:31:57]} 5. Qe2 {[%clk 1:32:39]} Nxe4
{[%clk 1:32:17]} 6. Qxe4 {[%clk 1:33:02]} Nd7 {[%clk 1:32:42]} 7. Bc4
{[%clk 1:33:24]} Nf6 {[%clk 1:33:07]} 8. Ne5 {[%clk 1:33:44]} e6 {[%clk 1:33:33]}
9. Qe2 {[%clk 1:34:08]} Be7 {[%clk 1:33:28]} 10. O-O {[%clk 1:32:47]} O-O
{[%clk 1:33:40]} 11. c3 {[%clk 1:31:47]} c5 {[%clk 1:27:41]} 12. d3
{[%clk 1:27:52]} a6 {[%clk 1:26:58]} 13. Qf3 {[%clk 1:17:08]} h6 {[%clk 1:17:05]}
14. Be3 {[%clk 1:12:04]} Nd5 {[%clk 1:16:36]} 15. d4 {[%clk 0:58:58]} Nxe3
{[%clk 1:10:08]} 16. fxe3 {[%clk 0:59:16]} Bf6 {[%clk 1:08:40]} 17. Ng4
{[%clk 0:53:19]} Bg5 {[%clk 1:08:37]} 18. g3 {[%clk 0:46:39]} Qc7
{[%clk 0:57:52]} 19. h4 {[%clk 0:41:08]} Be7 {[%clk 0:54:46]} 20. Bd3
{[%clk 0:37:38]} f5 {[%clk 0:45:12]} 21. Ne5 {[%clk 0:23:36]} Bf6
{[%clk 0:35:49]} 22. Ng6 {[%clk 0:22:06]} Rd8 {[%clk 0:35:27]} 23. g4
{[%clk 0:17:51]} c4 {[%clk 0:29:22]} 24. Bc2 {[%clk 0:17:44]} Re8
{[%clk 0:20:09]} 25. e4 {[%clk 0:15:03]} fxg4 {[%clk 0:19:32]} 26. Qxg4
{[%clk 0:15:27]} e5 {[%clk 0:19:58]} 27. Qg3 {[%clk 0:15:49]} Qb6
{[%clk 0:19:48]} 28. Kh1 {[%clk 0:14:35]} exd4 {[%clk 0:16:16]} 29. e5
{[%clk 0:14:34]} Bd8 {[%clk 0:16:38]} 30. Qf2 {[%clk 0:14:11]} Bf6
{[%clk 0:13:21]} 31. exf6 {[%clk 0:14:18]} Qc6+ {[%clk 0:13:25]} 32. Kg1
{[%clk 0:13:54]} Qxf6 {[%clk 0:12:10]} 33. cxd4 {[%clk 0:10:56]} Qxf2+
{[%clk 0:10:13]} 34. Rxf2 {[%clk 0:11:20]} Bh3 {[%clk 0:09:00]} 35. Kh2
{[%clk 0:10:07]} Be6 {[%clk 0:09:20]} 36. Re1 {[%clk 0:09:25]} Bd5
{[%clk 0:09:39]} 37. Re5 {[%clk 0:08:20]} Rxe5 38. dxe5 {[%clk 0:08:30]} Re8
{[%clk 0:09:41]} 39. Rd2 {[%clk 0:08:33]} Be6 {[%clk 0:10:00]} 40. Nf4
{[%clk 0:08:11]} g5 {[%clk 0:10:11]} 41. hxg5 {[%clk 0:08:25]} hxg5
{[%clk 0:10:40]} 42. Rg2 {[%clk 0:08:38]} g4 {[%clk 0:11:02]} 43. Bd1
{[%clk 0:07:53]} Kf7 {[%clk 0:11:12]} 44. Nxe6 {[%clk 0:06:37]} Rxe6
{[%clk 0:11:30]} 45. Rf2+ {[%clk 0:04:00]} Ke7 {[%clk 0:11:28]} 46. Bxg4
{[%clk 0:04:16]} Rxe5 {[%clk 0:11:39]} 47. Re2 {[%clk 0:04:09]} Kd6
{[%clk 0:11:37]} 48. Rxe5 {[%clk 0:04:02]} Kxe5 {[%clk 0:12:06]} 49. Bc8
{[%clk 0:04:20]} a5 {[%clk 0:12:03]} 50. Bxb7 {[%clk 0:04:37]} a4
{[%clk 0:10:39]} 51. Bc6 {[%clk 0:02:56]} a3 {[%clk 0:11:04]} 52. bxa3
{[%clk 0:03:11]} Kd4 {[%clk 0:11:02]} 53. Ba4 {[%clk 0:03:33]} Kc3
{[%clk 0:10:48]} 54. Bd1 {[%clk 0:03:54]} Kd2 {[%clk 0:10:23]} 55. Bh5
{[%clk 0:04:08]} Kd3 {[%clk 0:10:05]} 56. Bd1 {[%clk 0:03:37]} Kd2
{[%clk 0:10:27]} 57. Bb3 {[%clk 0:03:55]} Kc3 {[%clk 0:10:49]} 58. a4
{[%clk 0:04:10]} Kb4 {[%clk 0:11:09]} 59. Kg3 {[%clk 0:04:26]} Kc5
{[%clk 0:11:04]} 60. Kf3 {[%clk 0:04:42]} Kb4 {[%clk 0:11:29]} 61. Ke3
{[%clk 0:04:56]} Kc5 {[%clk 0:11:55]} 62. Kd2 {[%clk 0:05:17]} Kb4
{[%clk 0:12:17]} 63. Kc2 {[%clk 0:05:31]} Kc5 {[%clk 0:12:41]} 64. Kc3
{[%clk 0:05:56]} cxb3 {[%clk 0:13:03]} 65. axb3 {[%clk 0:06:24]} Kb6
{[%clk 0:13:29]} 66. Kb4 {[%clk 0:06:41]} Ka6 {[%clk 0:13:58]} 67. Kc5
{[%clk 0:07:03]} Kb7 {[%clk 0:14:25]} 68. Kb5 {[%clk 0:07:26]} Ka7
{[%clk 0:14:54]} 69. Kc6 {[%clk 0:07:47]} Kb8 {[%clk 0:15:21]} 70. Kb6
{[%clk 0:07:55]} Kc8 {[%clk 0:15:47]} 71. Ka7 {[%clk 0:08:12]} Kd7
{[%clk 0:16:16]} 72. Kb7 {[%clk 0:08:34]} Ke6 {[%clk 0:16:46]} 73. a5
{[%clk 0:08:57]} Kd5 {[%clk 0:17:15]} 74. a6 {[%clk 0:09:12]} Ke5
{[%clk 0:17:44]} 75. a7 {[%clk 0:09:33]} Kd4 {[%clk 0:18:12]} 76. a8=Q
{[%clk 0:09:52]} Ke4 {[%clk 0:18:38]} 77. Kc7+ {[%clk 0:10:10]} Ke5
{[%clk 0:19:06]} 78. Qd8 {[%clk 0:10:28]} Ke4 {[%clk 0:19:36]} 79. Qd2
{[%clk 0:10:43]} Ke5 {[%clk 0:20:05]} 80. Qd3 {[%clk 0:11:01]} Kf4
{[%clk 0:20:31]} 81. Qe2 {[%clk 0:11:13]} Kf5 {[%clk 0:21:00]} 82. Qe3
{[%clk 0:11:31]} Kf6 {[%clk 0:21:29]} 83. Kd6 {[%clk 0:11:48]} Kf7
{[%clk 0:21:58]} 84. Qe7+ {[%clk 0:12:06]} Kg6 {[%clk 0:22:28]} 85. Qf8
{[%clk 0:12:18]} Kg5 {[%clk 0:22:57]} 86. Ke5 {[%clk 0:12:39]} Kg4
{[%clk 0:23:26]} 87. Qf2 {[%clk 0:12:47]} Kg5 {[%clk 0:23:55]} 88. Qg3+
{[%clk 0:13:03]} Kh6 {[%clk 0:24:24]} 89. Kf6 {[%clk 0:13:13]} Kh7
{[%clk 0:24:53]} 90. Qg7# {[%clk 0:13:28]} 1-0

[Event "EYCC 2024 - O10"]
[Site "?"]
[Date "2024.08.24"]
[Round "3.6"]
[White "Szakolczai, Alex"]
[Black "Gazic, Petar"]
[Result "1/2-1/2"]
[BlackElo "1801"]
[WhiteElo "1962"]
[LiveChessVersion "1.4.8"]

1. Nf3 {[%clk 1:30:57]} d5 {[%clk 1:29:53]} 2. c4 {[%clk 1:31:13]} dxc4
{[%clk 1:30:04]} 3. e3 {[%clk 1:31:33]} Nf6 {[%clk 1:29:49]} 4. Bxc4
{[%clk 1:31:54]} e6 {[%clk 1:29:59]} 5. O-O {[%clk 1:32:15]} Bd6 {[%clk 1:29:28]}
6. d4 {[%clk 1:31:24]} O-O {[%clk 1:29:18]} 7. Qc2 {[%clk 1:28:56]} Nc6
{[%clk 1:28:05]} 8. Rd1 {[%clk 1:26:48]} Qe7 {[%clk 1:26:59]} 9. a3
{[%clk 1:25:05]} a5 {[%clk 1:25:53]} 10. Nc3 {[%clk 1:23:46]} e5 {[%clk 1:22:58]}
11. h3 {[%clk 1:11:40]} h6 {[%clk 1:17:29]} 12. d5 {[%clk 1:07:57]} Na7
{[%clk 1:17:34]} 13. e4 {[%clk 1:06:55]} Nh7 {[%clk 1:08:25]} 14. Bd3
{[%clk 1:02:43]} Qf6 {[%clk 1:05:56]} 15. Qe2 {[%clk 1:01:20]} Qg6
{[%clk 1:03:48]} 16. Nh4 {[%clk 1:00:07]} Qf6 {[%clk 1:04:09]} 17. Nf5
{[%clk 0:53:41]} Bd7 {[%clk 1:02:45]} 18. Be3 {[%clk 0:53:00]} Nc8
{[%clk 1:02:02]} 19. Rac1 {[%clk 0:50:27]} Ne7 {[%clk 1:02:02]} 20. Qc2
{[%clk 0:49:16]} Qg6 {[%clk 0:49:29]} 21. Ne2 {[%clk 0:41:38]} Bxf5
{[%clk 0:39:12]} 22. exf5 {[%clk 0:41:50]} Qf6 {[%clk 0:39:27]} 23. Nc3
{[%clk 0:41:50]} Qh4 {[%clk 0:36:03]} 24. Be2 {[%clk 0:31:52]} e4
{[%clk 0:32:56]} 25. Qxe4 {[%clk 0:24:47]} Qxe4 {[%clk 0:33:12]} 26. Nxe4
{[%clk 0:25:16]} Nxf5 {[%clk 0:33:32]} 27. Nxd6 {[%clk 0:24:53]} Nxe3
{[%clk 0:32:57]} 28. fxe3 {[%clk 0:25:14]} cxd6 {[%clk 0:33:21]} 29. Rc7
{[%clk 0:25:31]} Rab8 {[%clk 0:32:22]} 30. Rdc1 {[%clk 0:25:40]} Rfe8
{[%clk 0:31:51]} 31. R1c3 {[%clk 0:24:00]} Re5 {[%clk 0:30:59]} 32. Rb3
{[%clk 0:09:58]} b6 {[%clk 0:29:38]} 33. Bf3 {[%clk 0:07:12]} Ng5
{[%clk 0:29:18]} 34. Rc6 {[%clk 0:04:55]} 1/2-1/2

[Event "EYCC 2024 - O10"]
[Site "?"]
[Date "2024.08.24"]
[Round "3.7"]
[White "Zhang, Junyi"]
[Black "Skouroupathis, Kyriakos"]
[Result "1-0"]
[BlackElo "1698"]
[WhiteElo "1936"]
[LiveChessVersion "1.4.8"]

1. e4 {[%clk 1:31:00]} c6 {[%clk 1:30:52]} 2. Nc3 {[%clk 1:30:51]} d5
{[%clk 1:31:14]} 3. Nf3 {[%clk 1:31:17]} Bg4 {[%clk 1:31:33]} 4. h3
{[%clk 1:31:06]} Bxf3 {[%clk 1:31:35]} 5. Qxf3 {[%clk 1:31:30]} e6
{[%clk 1:31:57]} 6. Be2 {[%clk 1:28:38]} Bc5 {[%clk 1:32:00]} 7. O-O
{[%clk 1:26:58]} Ne7 {[%clk 1:30:54]} 8. Rd1 {[%clk 1:23:02]} O-O
{[%clk 1:29:43]} 9. d4 Bb6 {[%clk 1:29:51]} 10. Be3 {[%clk 1:20:53]} Nd7
{[%clk 1:28:22]} 11. Bd3 {[%clk 1:10:30]} Qc7 {[%clk 1:23:38]} 12. Be2 Qd8 13.
Bd3 Qc7 14. Re1 {[%clk 1:00:07]} a6 {[%clk 1:19:30]} 15. Rad1 {[%clk 0:58:11]}
Rad8 {[%clk 1:17:53]} 16. Bf4 {[%clk 0:55:46]} Qc8 {[%clk 1:18:12]} 17. Bd6
{[%clk 0:55:57]} Rfe8 {[%clk 1:18:28]} 18. Bxe7 {[%clk 0:56:24]} Rxe7
{[%clk 1:18:35]} 19. exd5 {[%clk 0:56:50]} cxd5 {[%clk 1:17:11]} 20. Nxd5
{[%clk 0:56:11]} Ree8 {[%clk 1:17:37]} 21. Nxb6 {[%clk 0:55:16]} Nxb6
{[%clk 1:18:03]} 22. c3 {[%clk 0:54:55]} Na4 {[%clk 1:15:44]} 23. Qe2
{[%clk 0:52:52]} Qc6 {[%clk 1:14:27]} 24. Be4 {[%clk 0:52:18]} Qb6
{[%clk 1:14:44]} 25. Qc2 {[%clk 0:52:01]} f5 {[%clk 1:11:12]} 26. Bxf5
{[%clk 0:42:50]} Nxb2 {[%clk 1:10:15]} 27. Bxh7+ {[%clk 0:43:06]} Kh8
{[%clk 1:10:04]} 28. Rb1 1-0

[Event "EYCC 2024 - O10"]
[Site "?"]
[Date "2024.08.24"]
[Round "3.8"]
[White "Fuentes De Nova, Sebastian"]
[Black "Megagiannis, Maximos"]
[Result "1-0"]
[BlackElo "1677"]
[WhiteElo "1896"]
[LiveChessVersion "1.4.8"]

1. d4 {[%clk 1:30:30]} Nf6 {[%clk 1:30:41]} 2. c4 {[%clk 1:30:44]} e6
{[%clk 1:31:03]} 3. Nc3 {[%clk 1:31:06]} Bb4 {[%clk 1:31:08]} 4. Qc2
{[%clk 1:30:42]} d5 {[%clk 1:30:57]} 5. Nf3 {[%clk 1:29:51]} dxc4
{[%clk 1:26:47]} 6. e4 {[%clk 1:29:20]} c5 {[%clk 1:26:34]} 7. dxc5
{[%clk 1:26:55]} Nc6 {[%clk 1:22:14]} 8. Bxc4 {[%clk 1:24:21]} Bxc5
{[%clk 1:22:27]} 9. O-O {[%clk 1:17:21]} Qc7 {[%clk 1:14:04]} 10. Nb5
{[%clk 1:16:21]} Qb8 {[%clk 1:13:13]} 11. Nc3 Qc7 12. Nb5 Qb8 13. Bxe6
{[%clk 1:09:06]} Bxf2+ {[%clk 1:10:55]} 14. Rxf2 {[%clk 1:09:05]} Bxe6
{[%clk 1:09:44]} 15. e5 {[%clk 1:07:32]} Ng4 {[%clk 1:07:12]} 16. Re2
{[%clk 1:03:09]} O-O {[%clk 1:04:50]} 17. Ng5 {[%clk 0:57:28]} g6
{[%clk 1:00:13]} 18. Nxe6 {[%clk 0:57:46]} fxe6 {[%clk 1:00:07]} 19. Qc4
{[%clk 0:57:50]} Ncxe5 {[%clk 0:49:06]} 20. Qxe6+ {[%clk 0:56:15]} Kh8
{[%clk 0:48:59]} 21. h3 Re8 {[%clk 0:44:42]} 22. Qd6 {[%clk 0:50:21]} Qxd6
{[%clk 0:44:33]} 23. Nxd6 {[%clk 0:50:11]} Rad8 24. hxg4 {[%clk 0:48:30]} Rxd6
{[%clk 0:24:43]} 25. Bf4 {[%clk 0:48:05]} Rde6 {[%clk 0:23:11]} 26. Bxe5+
{[%clk 0:48:02]} Rxe5 {[%clk 0:23:21]} 27. Rxe5 {[%clk 0:48:28]} Rxe5
{[%clk 0:23:45]} 28. Rc1 {[%clk 0:48:52]} Rb5 {[%clk 0:23:19]} 29. b3
{[%clk 0:48:57]} g5 {[%clk 0:21:32]} 30. Rc7 {[%clk 0:49:08]} a6 {[%clk 0:19:03]}
31. Kf2 {[%clk 0:48:51]} Ra5 {[%clk 0:18:16]} 32. a4 {[%clk 0:49:08]} Rd5
{[%clk 0:16:45]} 33. Rxb7 {[%clk 0:48:36]} Rd2+ {[%clk 0:16:44]} 34. Kf3
{[%clk 0:48:45]} Rd4 {[%clk 0:14:28]} 35. b4 {[%clk 0:47:22]} a5 {[%clk 0:13:33]}
36. bxa5 {[%clk 0:47:30]} Rxa4 {[%clk 0:13:54]} 37. Ra7 {[%clk 0:47:56]} Kg8
{[%clk 0:13:24]} 38. a6 {[%clk 0:47:45]} Kh8 {[%clk 0:12:52]} 39. Ra8+
{[%clk 0:46:54]} Kg7 {[%clk 0:13:09]} 40. a7 {[%clk 0:47:18]} Kf7
{[%clk 0:12:58]} 41. Rh8 {[%clk 0:47:31]} 1-0